<?xml version="1.0" encoding="UTF-8"?>
<record
    xmlns:xsi="http://www.w3.org/2001/XMLSchema-instance"
    xsi:schemaLocation="http://www.loc.gov/MARC21/slim http://www.loc.gov/standards/marcxml/schema/MARC21slim.xsd"
    xmlns="http://www.loc.gov/MARC21/slim">

  <leader>00342nam a22001457a 4500</leader>
  <controlfield tag="005">20260213154340.0</controlfield>
  <controlfield tag="008">260213b        |||||||| |||| 00| 0 eng d</controlfield>
  <datafield tag="020" ind1=" " ind2=" ">
    <subfield code="a">978-9355388087</subfield>
  </datafield>
  <datafield tag="100" ind1=" " ind2=" ">
    <subfield code="a">B. Iyer</subfield>
  </datafield>
  <datafield tag="245" ind1=" " ind2=" ">
    <subfield code="a">Basic of Electronics</subfield>
  </datafield>
  <datafield tag="260" ind1=" " ind2=" ">
    <subfield code="a">New Delhi</subfield>
    <subfield code="b">Khanna Book Pub</subfield>
    <subfield code="c">2026</subfield>
  </datafield>
  <datafield tag="300" ind1=" " ind2=" ">
    <subfield code="a">264</subfield>
  </datafield>
  <datafield tag="650" ind1=" " ind2=" ">
    <subfield code="a">ECE</subfield>
  </datafield>
  <datafield tag="942" ind1=" " ind2=" ">
    <subfield code="2">ddc</subfield>
    <subfield code="c">BK</subfield>
  </datafield>
  <datafield tag="999" ind1=" " ind2=" ">
    <subfield code="c">21981</subfield>
    <subfield code="d">21981</subfield>
  </datafield>
  <datafield tag="952" ind1=" " ind2=" ">
    <subfield code="p">BE 25242</subfield>
    <subfield code="g">428.00</subfield>
    <subfield code="i">27-01-2026</subfield>
    <subfield code="l">0</subfield>
    <subfield code="e">Radha Krishna Anand &amp; Co, Jammu</subfield>
    <subfield code="r">2026-02-13 15:45:16</subfield>
    <subfield code="w">2026-02-13</subfield>
    <subfield code="y">BK</subfield>
    <subfield code="0">0</subfield>
    <subfield code="4">0</subfield>
    <subfield code="7">1</subfield>
    <subfield code="a">MIETLIB</subfield>
    <subfield code="b">MIETLIB</subfield>
    <subfield code="c">76/5</subfield>
    <subfield code="d">2026-02-13</subfield>
    <subfield code="1">0</subfield>
    <subfield code="H">BE</subfield>
  </datafield>
  <datafield tag="952" ind1=" " ind2=" ">
    <subfield code="p">BE 25243</subfield>
    <subfield code="g">428.00</subfield>
    <subfield code="i">27-01-2026</subfield>
    <subfield code="l">0</subfield>
    <subfield code="e">Radha Krishna Anand &amp; Co, Jammu</subfield>
    <subfield code="r">2026-02-13 15:45:16</subfield>
    <subfield code="w">2026-02-13</subfield>
    <subfield code="y">BK</subfield>
    <subfield code="0">0</subfield>
    <subfield code="4">0</subfield>
    <subfield code="7">0</subfield>
    <subfield code="a">MIETLIB</subfield>
    <subfield code="b">MIETLIB</subfield>
    <subfield code="c">11/2</subfield>
    <subfield code="d">2026-02-13</subfield>
    <subfield code="1">0</subfield>
    <subfield code="H">BE</subfield>
  </datafield>
</record>
